<?xml version="1.0" encoding="UTF-8"?>
<record
    xmlns:xsi="http://www.w3.org/2001/XMLSchema-instance"
    xsi:schemaLocation="http://www.loc.gov/MARC21/slim http://www.loc.gov/standards/marcxml/schema/MARC21slim.xsd"
    xmlns="http://www.loc.gov/MARC21/slim">

  <leader>02435nam a22003377a 4500</leader>
  <controlfield tag="003">NALT</controlfield>
  <controlfield tag="005">20240202160124.0</controlfield>
  <controlfield tag="008">200630b        th ||||| |||| 00| 0 tha d</controlfield>
  <datafield tag="040" ind1=" " ind2=" ">
    <subfield code="a">NALT</subfield>
  </datafield>
  <datafield tag="090" ind1=" " ind2=" ">
    <subfield code="a">IS 11/2561 &#xE01;.5</subfield>
  </datafield>
  <datafield tag="110" ind1="2" ind2=" ">
    <subfield code="9">53875</subfield>
    <subfield code="a">&#xE19;&#xE31;&#xE01;&#xE28;&#xE36;&#xE01;&#xE29;&#xE32;&#xE2A;&#xE16;&#xE32;&#xE1A;&#xE31;&#xE19;&#xE1E;&#xE23;&#xE30;&#xE1B;&#xE01;&#xE40;&#xE01;&#xE25;&#xE49;&#xE32; &#xE2B;&#xE25;&#xE31;&#xE01;&#xE2A;&#xE39;&#xE15;&#xE23;&#xE01;&#xE32;&#xE23;&#xE1E;&#xE31;&#xE12;&#xE19;&#xE32;&#xE19;&#xE31;&#xE01;&#xE1A;&#xE23;&#xE34;&#xE2B;&#xE32;&#xE23;&#xE23;&#xE30;&#xE14;&#xE31;&#xE1A;&#xE2A;&#xE39;&#xE07; &#xE2A;&#xE33;&#xE2B;&#xE23;&#xE31;&#xE1A;&#xE02;&#xE49;&#xE32;&#xE23;&#xE32;&#xE0A;&#xE01;&#xE32;&#xE23;&#xE23;&#xE31;&#xE10;&#xE2A;&#xE20;&#xE32;&#xE2A;&#xE32;&#xE21;&#xE31;&#xE0D; &#xE23;&#xE38;&#xE48;&#xE19;&#xE17;&#xE35;&#xE48; 11 &#xE01;&#xE25;&#xE38;&#xE48;&#xE21;&#xE17;&#xE35;&#xE48; 5 </subfield>
  </datafield>
  <datafield tag="245" ind1="1" ind2="0">
    <subfield code="a">&#xE01;&#xE32;&#xE23;&#xE14;&#xE33;&#xE40;&#xE19;&#xE34;&#xE19;&#xE07;&#xE32;&#xE19;&#xE01;&#xE32;&#xE23;&#xE2A;&#xE2D;&#xE1A;&#xE2B;&#xE32;&#xE02;&#xE49;&#xE2D;&#xE40;&#xE17;&#xE47;&#xE08;&#xE08;&#xE23;&#xE34;&#xE07;&#xE15;&#xE32;&#xE21;&#xE23;&#xE31;&#xE10;&#xE18;&#xE23;&#xE23;&#xE21;&#xE19;&#xE39;&#xE0D;&#xE41;&#xE2B;&#xE48;&#xE07;&#xE23;&#xE32;&#xE0A;&#xE2D;&#xE32;&#xE13;&#xE32;&#xE08;&#xE31;&#xE01;&#xE23;&#xE44;&#xE17;&#xE22; &#xE1E;&#xE38;&#xE17;&#xE18;&#xE28;&#xE31;&#xE01;&#xE23;&#xE32;&#xE0A; 2560 &#xE21;&#xE32;&#xE15;&#xE23;&#xE32; 129 &#xE27;&#xE23;&#xE23;&#xE04;&#xE2A;&#xE2D;&#xE07; /</subfield>
    <subfield code="c">&#xE19;&#xE31;&#xE01;&#xE28;&#xE36;&#xE01;&#xE29;&#xE32;&#xE2A;&#xE16;&#xE32;&#xE1A;&#xE31;&#xE19;&#xE1E;&#xE23;&#xE30;&#xE1B;&#xE01;&#xE40;&#xE01;&#xE25;&#xE49;&#xE32; &#xE2B;&#xE25;&#xE31;&#xE01;&#xE2A;&#xE39;&#xE15;&#xE23;&#xE01;&#xE32;&#xE23;&#xE1E;&#xE31;&#xE12;&#xE19;&#xE32;&#xE19;&#xE31;&#xE01;&#xE1A;&#xE23;&#xE34;&#xE2B;&#xE32;&#xE23;&#xE23;&#xE30;&#xE14;&#xE31;&#xE1A;&#xE2A;&#xE39;&#xE07; &#xE2A;&#xE33;&#xE2B;&#xE23;&#xE31;&#xE1A;&#xE02;&#xE49;&#xE32;&#xE23;&#xE32;&#xE0A;&#xE01;&#xE32;&#xE23;&#xE23;&#xE31;&#xE10;&#xE2A;&#xE20;&#xE32;&#xE2A;&#xE32;&#xE21;&#xE31;&#xE0D; &#xE23;&#xE38;&#xE48;&#xE19;&#xE17;&#xE35;&#xE48; 11 &#xE01;&#xE25;&#xE38;&#xE48;&#xE21;&#xE17;&#xE35;&#xE48; 5 ; &#xE2A;&#xE16;&#xE32;&#xE1A;&#xE31;&#xE19;&#xE1E;&#xE23;&#xE30;&#xE1B;&#xE01;&#xE40;&#xE01;&#xE25;&#xE49;&#xE32;.</subfield>
  </datafield>
  <datafield tag="260" ind1=" " ind2=" ">
    <subfield code="a">&#xE01;&#xE23;&#xE38;&#xE07;&#xE40;&#xE17;&#xE1E;&#xE2F; :</subfield>
    <subfield code="b">&#xE2A;&#xE16;&#xE32;&#xE1A;&#xE31;&#xE19;&#xE1E;&#xE23;&#xE30;&#xE1B;&#xE01;&#xE40;&#xE01;&#xE25;&#xE49;&#xE32;,</subfield>
    <subfield code="c">2562.</subfield>
  </datafield>
  <datafield tag="300" ind1=" " ind2=" ">
    <subfield code="a">123 &#xE2B;&#xE19;&#xE49;&#xE32; :</subfield>
    <subfield code="b">&#xE15;&#xE32;&#xE23;&#xE32;&#xE07; ;</subfield>
    <subfield code="c">29 &#xE0B;&#xE21;.</subfield>
  </datafield>
  <datafield tag="650" ind1=" " ind2="4">
    <subfield code="9">5420</subfield>
    <subfield code="a">&#xE23;&#xE31;&#xE10;&#xE18;&#xE23;&#xE23;&#xE21;&#xE19;&#xE39;&#xE0D; </subfield>
    <subfield code="z">&#xE44;&#xE17;&#xE22;</subfield>
    <subfield code="y">2560</subfield>
  </datafield>
  <datafield tag="700" ind1="0" ind2=" ">
    <subfield code="9">45911</subfield>
    <subfield code="a">&#xE40;&#xE09;&#xE25;&#xE34;&#xE21;&#xE0A;&#xE31;&#xE22; &#xE40;&#xE1A;&#xE0D;&#xE08;&#xE01;&#xE32;&#xE0D;&#xE08;&#xE19;&#xE4C;</subfield>
  </datafield>
  <datafield tag="700" ind1="0" ind2=" ">
    <subfield code="9">46013</subfield>
    <subfield code="a">&#xE19;&#xE49;&#xE33;&#xE17;&#xE34;&#xE1E;&#xE22;&#xE4C; &#xE2D;&#xE19;&#xE31;&#xE19;&#xE15;&#xE17;&#xE23;&#xE31;&#xE1E;&#xE22;&#xE4C;</subfield>
  </datafield>
  <datafield tag="700" ind1="0" ind2=" ">
    <subfield code="9">46030</subfield>
    <subfield code="a">&#xE1B;&#xE17;&#xE34;&#xE15;&#xE15;&#xE32; &#xE18;&#xE35;&#xE23;&#xE19;&#xE19;&#xE17;&#xE4C;</subfield>
  </datafield>
  <datafield tag="700" ind1="0" ind2=" ">
    <subfield code="9">25113</subfield>
    <subfield code="a">&#xE1E;&#xE07;&#xE28;&#xE4C;&#xE1E;&#xE31;&#xE19;&#xE18;&#xE38;&#xE4C; &#xE08;&#xE34;&#xE15;&#xE23;&#xE32;&#xE19;&#xE38;&#xE01;&#xE34;&#xE08;</subfield>
  </datafield>
  <datafield tag="700" ind1="0" ind2=" ">
    <subfield code="9">46049</subfield>
    <subfield code="a">&#xE1E;&#xE34;&#xE21;&#xE21;&#xE32;&#xE14;&#xE32; &#xE40;&#xE1E;&#xE35;&#xE22;&#xE23;&#xE40;&#xE27;&#xE0A;</subfield>
  </datafield>
  <datafield tag="700" ind1=" " ind2=" ">
    <subfield code="9">46055</subfield>
    <subfield code="a">&#xE23;&#xE31;&#xE0A;&#xE14;&#xE32;&#xE20;&#xE23;&#xE13;&#xE4C; &#xE40;&#xE2D;&#xE35;&#xE48;&#xE22;&#xE21;&#xE2D;&#xE19;&#xE31;&#xE19;&#xE15;&#xE4C;</subfield>
  </datafield>
  <datafield tag="700" ind1="0" ind2=" ">
    <subfield code="9">46061</subfield>
    <subfield code="a">&#xE27;&#xE34;&#xE20;&#xE32;&#xE23;&#xE31;&#xE15;&#xE19;&#xE4C; &#xE16;&#xE21;&#xE22;&#xE32;</subfield>
  </datafield>
  <datafield tag="700" ind1="0" ind2=" ">
    <subfield code="9">46066</subfield>
    <subfield code="a">&#xE27;&#xE34;&#xE20;&#xE32;&#xE27;&#xE35; &#xE40;&#xE17;&#xE1E;&#xE2A;&#xE38;&#xE27;&#xE23;&#xE23;&#xE13;</subfield>
  </datafield>
  <datafield tag="700" ind1="0" ind2=" ">
    <subfield code="9">46075</subfield>
    <subfield code="a">&#xE2A;&#xE16;&#xE34;&#xE15; &#xE42;&#xE0A;&#xE15;&#xE34;&#xE01;&#xE23;&#xE13;&#xE4C;</subfield>
  </datafield>
  <datafield tag="700" ind1=" " ind2=" ">
    <subfield code="9">23647</subfield>
    <subfield code="a">&#xE0A;&#xE19;&#xE34;&#xE2A;&#xE32; &#xE0A;&#xE38;&#xE15;&#xE34;&#xE20;&#xE31;&#xE17;&#xE23;&#xE4C;</subfield>
  </datafield>
  <datafield tag="700" ind1="0" ind2=" ">
    <subfield code="9">46085</subfield>
    <subfield code="a">&#xE2A;&#xE34;&#xE23;&#xE34;&#xE19;&#xE17;&#xE23;&#xE4C;&#xE0D;&#xE32;&#xE20;&#xE32; &#xE08;&#xE31;&#xE19;&#xE17;&#xE1E;&#xE34;&#xE23;&#xE31;&#xE01;&#xE29;&#xE4C;</subfield>
  </datafield>
  <datafield tag="710" ind1="2" ind2=" ">
    <subfield code="a">&#xE2A;&#xE16;&#xE32;&#xE1A;&#xE31;&#xE19;&#xE1E;&#xE23;&#xE30;&#xE1B;&#xE01;&#xE40;&#xE01;&#xE25;&#xE49;&#xE32;</subfield>
    <subfield code="9">2339</subfield>
  </datafield>
  <datafield tag="850" ind1=" " ind2=" ">
    <subfield code="a">NALT</subfield>
  </datafield>
  <datafield tag="942" ind1=" " ind2=" ">
    <subfield code="c">IS</subfield>
    <subfield code="2">local</subfield>
  </datafield>
  <datafield tag="999" ind1=" " ind2=" ">
    <subfield code="c">97218</subfield>
    <subfield code="d">97218</subfield>
  </datafield>
  <datafield tag="998" ind1=" " ind2=" ">
    <subfield code="j">104</subfield>
    <subfield code="k"> &#xE19;&#xE32;&#xE07;&#xE2A;&#xE32;&#xE27;&#xE2A;&#xE32;&#xE22;&#xE1D;&#xE19;  &#xE14;&#xE35;&#xE07;&#xE32;&#xE21;</subfield>
  </datafield>
  <datafield tag="952" ind1=" " ind2=" ">
    <subfield code="0">0</subfield>
    <subfield code="1">0</subfield>
    <subfield code="2">local</subfield>
    <subfield code="4">0</subfield>
    <subfield code="7">0</subfield>
    <subfield code="8">CIS</subfield>
    <subfield code="a">NALT</subfield>
    <subfield code="b">NALT</subfield>
    <subfield code="c">IS</subfield>
    <subfield code="d">2020-06-30</subfield>
    <subfield code="l">1</subfield>
    <subfield code="o">IS 11/2561 &#xE01;.5</subfield>
    <subfield code="p">3961210831</subfield>
    <subfield code="r">2022-10-31 00:00:00</subfield>
    <subfield code="s">2022-10-18</subfield>
    <subfield code="t">&#xE09;.1</subfield>
    <subfield code="w">2020-06-30</subfield>
    <subfield code="y">IS</subfield>
  </datafield>
  <datafield tag="952" ind1=" " ind2=" ">
    <subfield code="0">0</subfield>
    <subfield code="1">0</subfield>
    <subfield code="2">local</subfield>
    <subfield code="4">0</subfield>
    <subfield code="7">0</subfield>
    <subfield code="8">CIS</subfield>
    <subfield code="a">NALT</subfield>
    <subfield code="b">NALT</subfield>
    <subfield code="c">IS</subfield>
    <subfield code="d">2020-06-30</subfield>
    <subfield code="l">2</subfield>
    <subfield code="m">1</subfield>
    <subfield code="o">IS 11/2561 &#xE01;.5</subfield>
    <subfield code="p">3961210832</subfield>
    <subfield code="r">2021-12-13 00:00:00</subfield>
    <subfield code="s">2021-12-07</subfield>
    <subfield code="t">&#xE09;.2</subfield>
    <subfield code="w">2020-06-30</subfield>
    <subfield code="y">IS</subfield>
  </datafield>
</record>
